A history of science and its relations with philosophy & religion
Guardat en:
| Autor principal: | |
|---|---|
| Format: | Llibre |
| Idioma: | anglès |
| Publicat: |
Cambridge
Cambridge University
1948
|
| Edició: | 4a. ed |
| Matèries: | |
| Etiquetes: |
Afegir etiqueta
Sense etiquetes, Sigues el primer a etiquetar aquest registre!
|
MARC
| LEADER | 00000nam a2200000 a 4500 | ||
|---|---|---|---|
| 001 | UCZ3336 | ||
| 003 | CL-VaPUC | ||
| 008 | 951020e19480000UK |||||||||||||||||eng|d | ||
| 082 | 0 | 4 | |a 509 |b DAM |2 21 |
| 100 | 0 | |a Dampier, William Cecil |e author |9 347133 | |
| 245 | 1 | 2 | |a A history of science and its relations with philosophy & religion |
| 250 | |a 4a. ed | ||
| 300 | |a 544 p | ||
| 942 | |c BK | ||
| 945 | |d 19951020 00:00:00 |a cmena | ||
| 260 | |a Cambridge |b Cambridge University |c 1948 | ||
| 650 | 0 | |a Ciencia |9 255691 | |
| 650 | 0 | |a Historia |9 255047 | |
| 650 | 0 | |a Filosofía de las ciencias |9 256466 | |
| 650 | 0 | |a Biología |9 262022 | |
| 650 | 0 | |a Antropología |9 233030 | |
| 650 | 0 | |a Física |9 227844 | |
| 583 | |a last modification |c 20130320 09:50:11 |k Rodrigo Vera | ||
| 999 | |c 239820 |d 239818 | ||
| 952 | |0 0 |1 0 |4 0 |6 509_000000000000000_DAM_1948 |7 0 |8 P |9 251244 |a BIBEDU |b BIBEDU |c BIBEDU_PB |d 2019-11-18 |i 1585762 |o 509 DAM 1948 |p 1585762 |r 2024-01-25 |w 2019-11-18 |y BK |k FIL | ||